00838nam a2200229 a 450000100100000000500170001000800410002702000150006804000250008308200270010810000300013524501010016525000120026626000530027830000270033149000410035850400260039960000500042565100690047570000250054483000390056900002518420240302073950.0110211s2006 dr a 000 0 spa d z9993410373 aDO-SdBNPbspacBNPHU a923.57293bP977C, 20061 aCassá, Roberto, d1948-10aJosé Joaquín Puello :btributo del pueblo /cRoberto Cassá ; ilustraciones Ramiro Manzano. a2º ed. aSanto Domingo :bTobogán,c2006.fAlfa y Omega a43 p. :bil. ;c21 cm.1 aBiografías dominicanas Tobogán ; aBibliografía: p. 4314aPUELLO Y CASTRO, JOSÉ JOAQUÍN,d1808-1847 4aRepública DominicanaxHistoriayOCUPACIÓN HAITIANA 1822-18441 aManzano, Ramiroeil. 0aBiografías dominicanas Tobogán